| 000 | 00795am a2200277a 44500 | ||
|---|---|---|---|
| 003 | AR-BaBNM | ||
| 005 | 20251128203221.0 | ||
| 008 | 296019s1955 #AR|||||||||||000 | esp|| | ||
| 040 | _cAR-BaBNM | ||
| 100 | 1 | _aCalzetti, Hugo | |
| 245 | 1 | 0 |
_aElementos de pedagogía _bpedagogía general y psicología infantil. 1 |
| 260 |
_aBuenos Aires _bEstrada _c1955 |
||
| 300 |
_a507 p. _bil., diagr., tablas |
||
| 504 | _aContiene bibliografía en notas a pie de página | ||
| 650 | 4 | _aDIDACTICA | |
| 650 | 4 | _aPEDAGOGIA | |
| 650 | 4 | _aPSICOLOGIA DE LA EDUCACION | |
| 650 | 4 | _aHISTORIA DE LA EDUCACION | |
| 650 | 4 | _aDISCIPLINA | |
| 650 | 4 | _aTEORIAS DE LA EDUCACION | |
| 650 | 4 | _aDESARROLLO DEL NIÑO | |
| 650 | 4 | _aJUEGO | |
| 650 | 4 | _aRELACION FAMILIA-ESCUELA | |
| 942 | _cBK | ||
| 998 | _csilvi | ||
| 999 |
_c2439 _d2439 |
||